[Event "Schwaebische Meisterschaft 2024 A"]
[Site "Augsburg"]
[Date "2024.05.10"]
[Round "4.6"]
[White "Belevtsov, Vladimir"]
[Black "Filin, Denys"]
[Result "0-1"]
[WhiteElo "1941"]
[BlackElo "1946"]
[Time "16:00:00"]
[WhiteTeam "SK Kriegshaber"]
[BlackTeam "SK Kriegshaber"]

1.d4 Nf6 2.Nf3 c5 3.e3 d5 4.Be2 Nc6 5.O-O e6 6.b3 cxd4 7.exd4 Bd6 8.Bb2 
O-O 9.Nbd2 Bd7 10.Re1 Rc8 11.Ne5 Qc7 12.f4 Ne4 13.Nxe4 dxe4 14.Nxd7 Qxd7 
15.g3 Rfd8 16.Bf1 f5 17.Kh1 a6 18.c4 Bb4 19.d5 Bxe1 20.Qxe1 exd5 21.cxd5 
Ne7 22.Rd1 b5 23.d6 Ng6 24.Qd2 Rc6 25.Qd5+ Kh8 26.Be5 Rc2 27.Bh3 Rdc8 28.
Bxf5 Nxe5 29.Bxd7 Nf3 30.Qh5 g6 31.Qh6 Rc1 32.Bxc8 Rxd1+ 33.Kg2 Rd2+ 34.
Kh3 Rxh2+ 35.Kg4 Rxh6 36.d7 Kg7 37.f5 gxf5+ 0-1

[Event "Schwaebische Meisterschaft 2024 A"]
[Site "Augsburg"]
[Date "2024.05.10"]
[Round "4.7"]
[White "Holuba, Stefan"]
[Black "Poniatowski, Pawel"]
[Result "0-1"]
[WhiteElo "1902"]
[BlackElo "2058"]
[Time "16:00:00"]
[WhiteTeam "SK Caissa Augsburg"]
[BlackTeam "SK Klosterlechfeld"]

1.e4 e5 2.Nf3 Nc6 3.Bc4 Bc5 4.b4 Bxb4 5.c3 Ba5 6.d4 exd4 7.O-O d3 8.Qb3 
Qe7 9.Bg5 f6 10.Bf4 Bb6 11.Bxg8 Na5 12.Qb5 c6 13.Qxd3 Rxg8 14.Bd6 Qf7 15.
Nbd2 Kd8 16.e5 Bc7 17.Rfe1 Qg6 18.Bxc7+ Kxc7 19.Qd6+ Kb6 20.Ne4 a6 21.Qc5+
Kc7 22.Qxa5+ b6 23.Qa3 fxe5 24.Nxe5 Qe6 25.Nf3 Rd8 26.Neg5 Qg6 27.Qe7 Rg8 
28.Rad1 Kb8 29.Qd6+ Qxd6 30.Rxd6 h6 31.Nf7 Kc7 32.Red1 b5 33.N3e5 Rf8 34.
Rg6 Re8 35.f4 Re7 36.Nd6 Ra7 37.Nxc8 Kxc8 38.Rgd6 a5 39.g3 b4 40.c4 a4 41.
Rb1 c5 42.Kf2 Kc7 43.Rd5 d6 44.Ng6 Re4 45.Rc1 Kc6 46.Rd3 Re6 47.f5 Rf7 48.
g4 Rxg6 0-1

[Event "Schwaebische Meisterschaft 2024 A"]
[Site "Augsburg"]
[Date "2024.05.11"]
[Round "5.1"]
[White "Luhn, Robert"]
[Black "Blodig, Vincent"]
[Result "0-1"]
[WhiteElo "1988"]
[BlackElo "1900"]
[Time "10:00:00"]
[WhiteTeam "SK Caissa Augsburg"]
[BlackTeam "SF Augsburg"]

1.d4 Nf6 2.Nf3 d5 3.c4 e6 4.Nc3 dxc4 5.e4 a6 6.a4 c5 7.d5 exd5 8.Nxd5 Nxd5
9.Qxd5 Qxd5 10.exd5 Bd6 11.Bxc4 b6 12.Bd2 Bf5 13.Bc3 f6 14.O-O Kf7 15.Rfe1
Ra7 16.b4 cxb4 17.Bd4 Rc7 18.Bb3 Re8 19.Bxb6 Rc3 20.Nd4 Bd3 21.a5 Rxe1+ 
22.Rxe1 Bc4 23.Nf5 Be5 24.f4 Bxb3 25.fxe5 Bxd5 26.exf6 gxf6 27.Re7+ Kg6 
28.g4 Kg5 29.Bc7 Kxg4 30.Ne3+ Kf3 31.Nd1 Nc6 32.Rd7 Rd3 33.Nf2 Rd2 34.Bb6 
b3 35.Rxh7 b2 36.Rh3+ Kf4 37.Be3+ Kf5 38.Rh5+ Ke6 0-1

[Event "Schwaebische Meisterschaft 2024 A"]
[Site "Augsburg"]
[Date "2024.05.11"]
[Round "5.2"]
[White "Vuong, Anh-Tu"]
[Black "Weichlein, Paul"]
[Result "1/2-1/2"]
[WhiteElo "1998"]
[BlackElo "2039"]
[Time "10:00:00"]
[WhiteTeam "TSV Landsberg 1882"]
[BlackTeam "SAbt TSV Haunstetten"]

1.d4 Nf6 2.c4 g6 3.g3 Bg7 4.Bg2 O-O 5.Nc3 c6 6.Nf3 d5 7.O-O Re8 8.Ne5 Be6 
9.cxd5 Nxd5 10.e4 Nxc3 11.bxc3 Nd7 12.Nxd7 Qxd7 13.Bf4 Bc4 14.Re1 Rad8 15.
Qa4 b5 16.Qc2 e5 17.Bxe5 Bxe5 18.dxe5 Qd2 19.Qxd2 Rxd2 20.a4 Red8 21.axb5 
cxb5 22.Bf1 Bxf1 23.Kxf1 g5 24.h3 h5 25.Re2 R2d3 26.Rxa7 Rxc3 27.Rb7 Rd1+ 
28.Re1 Rd2 29.Re2 Rc1+ 30.Re1 Rcc2 31.Rxb5 Rxf2+ 32.Kg1 Rg2+ 33.Kh1 Rh2+ 
34.Kg1 Rcg2+ 35.Kf1 Ra2 36.Kg1 Rag2+ 37.Kf1 Ra2 38.Kg1 Rxh3 39.Rb3 g4 40.
Reb1 Kg7 41.Rf1 Rhh2 42.Rf5 Rhg2+ 43.Kf1 Rgc2 44.Kg1 Re2 45.Rb1 Rg2+ 46.
Kf1 Rh2 47.Kg1 Rh3 48.Rb7 Rxg3+ 49.Kh1 Rh3+ 1/2-1/2

[Event "Schwaebische Meisterschaft 2024 A"]
[Site "Augsburg"]
[Date "2024.05.11"]
[Round "5.3"]
[White "Kottmair, Toni"]
[Black "Hornung, Hans, Dr."]
[Result "1-0"]
[WhiteElo "2121"]
[BlackElo "2013"]
[Time "10:00:00"]
[WhiteTeam "SK Koenigsbrunn"]
[BlackTeam "SK Klosterlechfeld"]

1.d4 Nf6 2.c4 g6 3.Nc3 d5 4.Nf3 Bg7 5.Bf4 O-O 6.Rc1 c6 7.e3 Qa5 8.Qb3 dxc4
9.Bxc4 b5 10.Bxf7+ Rxf7 11.Ng5 e6 12.Nxf7 Kxf7 13.O-O Qd8 14.a4 a6 15.Rfd1
Bb7 16.Bg5 h6 17.Bh4 g5 18.Bg3 Nbd7 19.h4 Rc8 20.hxg5 hxg5 21.f3 Qe7 22.
axb5 cxb5 23.Nxb5 axb5 24.Qxb5 Rxc1 25.Rxc1 Bd5 26.e4 Bxe4 27.fxe4 Nxe4 
28.Be5 Nxe5 29.dxe5 Qa7+ 30.Kh2 Ng3 31.Re1 Qd4 32.Qb7+ Kg6 33.Qf3 Qh4+ 34.
Kg1 Nf5 35.Re4 Qh8 36.g4 Ne7 37.Re2 Nd5 38.Qd3+ Kf7 39.Rf2+ Nf4 40.Qd7+ 
Kg6 41.Rxf4 gxf4 42.Qxe6+ Kg5 43.Qf5+ Kh4 44.Qxf4 Bxe5 45.Qf3 Bxb2 46.Qh1+
1-0

[Event "Schwaebische Meisterschaft 2024 A"]
[Site "Augsburg"]
[Date "2024.05.11"]
[Round "5.6"]
[White "Poniatowski, Pawel"]
[Black "Schoenwetter, Martin"]
[Result "1-0"]
[WhiteElo "2058"]
[BlackElo "1902"]
[Time "10:00:00"]
[WhiteTeam "SK Klosterlechfeld"]
[BlackTeam "SG Augsburg 1873"]

1.e4 d6 2.d4 Nf6 3.Nc3 Nbd7 4.Nf3 e5 5.Bc4 Be7 6.Bxf7+ Kxf7 7.Ng5+ Kg8 8.
Ne6 Qe8 9.Nxc7 Qg6 10.Nxa8 Qxg2 11.Rf1 exd4 12.Qe2 Ne5 13.f3 Qh3 14.Nb5 
Be6 15.b3 d3 16.cxd3 Nfd7 17.Be3 Bh4+ 18.Kd2 h6 19.d4 Ng4 20.Bf4 Ngf6 21.
Nac7 Bf7 22.Nxd6 Nh5 23.Be3 Bg6 24.Rg1 Bg5 25.Nd5 Bxe3+ 26.Nxe3 Bxe4 27.
Nxe4 Qe6 28.Qc4 1-0

[Event "Schwaebische Meisterschaft 2024 A"]
[Site "Augsburg"]
[Date "2024.05.11"]
[Round "5.7"]
[White "Belevtsov, Vladimir"]
[Black "Holuba, Stefan"]
[Result "1-0"]
[WhiteElo "1941"]
[BlackElo "1902"]
[Time "10:00:00"]
[WhiteTeam "SK Kriegshaber"]
[BlackTeam "SK Caissa Augsburg"]

1.d4 Nf6 2.c4 g6 3.Nf3 d5 4.Nc3 Bg7 5.cxd5 Nxd5 6.Qb3 Nb6 7.Bf4 c6 8.Rd1 
Nd5 9.Bg3 O-O 10.e4 Nxc3 11.bxc3 Qa5 12.Rd2 Nd7 13.e5 Nb6 14.Qb4 Qxb4 15.
cxb4 Be6 16.Bd3 Bh6 17.Rc2 a5 18.b5 cxb5 19.Bxb5 Rfc8 20.Rxc8+ Rxc8 21.O-O
Bxa2 22.Bh4 Nd5 23.Ng5 f6 24.exf6 exf6 25.Ne4 Rc1 26.Nxf6+ Nxf6 27.Bxf6 
Rxf1+ 28.Kxf1 Bb3 29.Ke2 Bf8 30.Kd3 Bb4 31.Bc4+ Bxc4+ 32.Kxc4 Kf7 33.Bd8 
Ke8 34.Bb6 Kd7 35.d5 Kd6 36.f4 Bd2 37.g3 Bb4 38.h3 Bd2 39.Bc5+ Kc7 40.Kb5 
Be1 41.g4 Bd2 42.f5 gxf5 43.gxf5 Bc3 44.Be7 Kd7 45.f6 Ke8 46.Kb6 Kd7 47.
Kxb7 Bb4 48.Bxb4 axb4 49.f7 Ke7 50.d6+ Kxf7 51.d7 1-0

[Event "Schwaebische Meisterschaft 2024 A"]
[Site "Augsburg"]
[Date "2024.05.11"]
[Round "6.1"]
[White "Blodig, Vincent"]
[Black "Vuong, Anh-Tu"]
[Result "1-0"]
[WhiteElo "1900"]
[BlackElo "1998"]
[Time "16:00:00"]
[WhiteTeam "SF Augsburg"]
[BlackTeam "TSV Landsberg 1882"]

1.e4 c5 2.Nf3 d6 3.d4 cxd4 4.Nxd4 Nf6 5.Nc3 g6 6.Be3 Bg7 7.f3 O-O 8.Qd2 
Nc6 9.g4 Be6 10.Nxe6 fxe6 11.O-O-O Ne5 12.Be2 Qc8 13.h4 Nfd7 14.Bd4 Nxf3 
15.Bxf3 Bxd4 16.Qxd4 Rxf3 17.h5 Qc5 18.hxg6 Qxd4 19.gxh7+ Kh8 20.Rxd4 Raf8
21.Rc4 Rf1+ 22.Rxf1 Rxf1+ 23.Kd2 Rf2+ 24.Ne2 Kxh7 25.Rc7 Nc5 26.Ke3 Rh2 
27.b4 Rh3+ 28.Kd4 Rh2 29.bxc5 dxc5+ 30.Kd3 Rxe2 1-0

[Event "Schwaebische Meisterschaft 2024 A"]
[Site "Augsburg"]
[Date "2024.05.11"]
[Round "6.3"]
[White "Kottmair, Toni"]
[Black "Poniatowski, Pawel"]
[Result "1/2-1/2"]
[WhiteElo "2121"]
[BlackElo "2058"]
[Time "16:00:00"]
[WhiteTeam "SK Koenigsbrunn"]
[BlackTeam "SK Klosterlechfeld"]

1.d4 d6 2.e4 Nf6 3.Nc3 g6 4.Nf3 Bg7 5.Be2 O-O 6.O-O Nc6 7.h3 e5 8.Be3 exd4
9.Nxd4 Re8 10.Nxc6 bxc6 11.Bf3 Nd7 12.Qd2 Ba6 13.Rfd1 Ne5 14.Be2 Nc4 15.
Bxc4 Bxc4 16.Bd4 Ba6 17.Bxg7 Kxg7 18.Qd4+ Qf6 19.Qxf6+ Kxf6 20.f3 Kg5 21.
Kf2 f5 22.h4+ Kf6 23.exf5 gxf5 24.Re1 Re5 25.Rxe5 Kxe5 26.Re1+ Kf6 27.g4 
Rb8 28.b3 Rb4 29.Kg3 Rd4 30.gxf5 Bc8 31.Re4 Rd2 32.Re2 Rxe2 33.Nxe2 Bxf5 
34.c3 Ke5 35.Kf2 Bd3 36.Nd4 Bb1 37.Nxc6+ Kd5 38.Nd4 Bxa2 39.b4 c5 40.bxc5 
dxc5 41.Nb5 a5 42.Na3 Ke5 43.Ke3 Bd5 44.Nb5 Kf5 45.Na3 Ke5 46.Nb5 Bc4 47.
Na3 Kd5 48.Nc2 Bb3 49.Na3 Bd1 50.Kf4 Bb3 51.Kf5 Ba4 52.Kf4 Bc6 53.Kf5 Bd7+
54.Kf4 a4 55.Ke3 Bf5 56.Kf4 Bd3 57.Ke3 Ba6 58.Kf4 Bc8 59.Ke3 Ke5 60.Nc4+ 
Kf5 61.Na3 Bb7 62.Nc4 Kg6 63.Kf4 Kh5 64.Kg3 Ba6 65.Na3 Bd3 66.Kh3 Be2 67.
Kg3 Kg6 68.Kf4 Bd3 69.Ke3 Kh5 70.Kxd3 Kxh4 71.f4 Kg4 72.Ke4 h5 73.f5 h4 
74.f6 h3 75.f7 h2 76.f8=Q h1=Q+ 77.Ke5 Qe1+ 78.Kd5 Qxc3 79.Qxc5 Qf3+ 80.
Kd6 Qf8+ 81.Kd5 Qxc5+ 82.Kxc5 1/2-1/2

[Event "Schwaebische Meisterschaft 2024 A"]
[Site "Augsburg"]
[Date "2024.05.11"]
[Round "6.5"]
[White "Kamenskyi, Dmytro"]
[Black "Glaser, Christian"]
[Result "1/2-1/2"]
[WhiteElo "2045"]
[BlackElo "2025"]
[Time "16:00:00"]
[WhiteTeam "SK Kriegshaber"]
[BlackTeam "BC Aichach"]

1.c4 c6 2.e4 d5 3.exd5 cxd5 4.d4 Nf6 5.Nc3 Nc6 6.Nf3 Bg4 7.cxd5 Nxd5 8.Qb3
Bxf3 9.gxf3 e6 10.Qxb7 Nxd4 11.Bb5+ Nxb5 12.Qc6+ Ke7 13.Qxb5 Qd7 14.Qxd7+ 
Kxd7 15.Nxd5 exd5 16.Be3 Bb4+ 17.Ke2 Rhc8 18.Kd3 a6 19.Rhg1 g6 20.Rg5 f5 
21.Rgg1 Rc4 22.Bd4 Rac8 23.h4 Rc2 24.Rad1 R2c4 25.h5 R8c6 26.hxg6 hxg6 27.
Rh1 Bc5 28.Rh7+ Kd6 29.Bxc5+ Kxc5 30.Rb1 Rd4+ 31.Ke2 Re6+ 32.Kf1 Rd2 33.
Rc1+ Kd4 34.Rh4+ Ke5 35.Re1+ Kf6 36.Rxe6+ Kxe6 37.Rb4 g5 38.Ke1 Rc2 39.
Rb6+ Ke5 40.Rxa6 Rxb2 41.Ra5 Kd4 42.Ra4+ Ke5 43.Ra5 f4 44.Ra4 Rc2 45.Kf1 
Kd6 46.Ra5 Ke5 47.Ra4 Kd6 1/2-1/2

[Event "Schwaebische Meisterschaft 2024 A"]
[Site "Augsburg"]
[Date "2024.05.11"]
[Round "6.6"]
[White "Holuba, Stefan"]
[Black "Filin, Denys"]
[Result "0-1"]
[WhiteElo "1902"]
[BlackElo "1946"]
[Time "16:00:00"]
[WhiteTeam "SK Caissa Augsburg"]
[BlackTeam "SK Kriegshaber"]

1.b4 e5 2.Bb2 Bxb4 3.Bxe5 Nf6 4.Nf3 d5 5.e3 O-O 6.Bb2 Re8 7.Be2 Bf5 8.O-O 
Nbd7 9.c4 Qe7 10.d4 Rad8 11.Qb3 c6 12.Nc3 Bxc3 13.Bxc3 dxc4 14.Bxc4 Nb6 
15.Bb4 Qc7 16.Ba5 Ne4 17.Rac1 Be6 18.Ne5 Bxc4 19.Nxc4 Rd5 20.f3 Rxa5 21.
Nxa5 Nd2 22.Qa3 Nxf1 23.Rxf1 Re6 24.Qb3 Rh6 25.g3 Rh5 26.Nc4 Nxc4 27.Qxc4 
Qa5 28.Qc2 Qa3 29.Qe2 Rb5 30.Rf2 Qc1+ 31.Rf1 Qc3 32.Rf2 Rb1+ 33.Kg2 Kf8 
34.Qd2 Qxd2 35.Rxd2 Ke7 36.e4 a5 37.Kf2 a4 38.Ke3 b5 39.Kd3 a3 40.Kc2 Rb2+
41.Kc1 Rb4 42.Kc2 Kd6 43.Kc3 Rb1 44.Kc2 Rb2+ 45.Kc1 Rb4 46.Kc2 g6 47.Kc1 
Rc4+ 48.Kd1 Rc3 49.Ke2 b4 50.Rd3 Rc2+ 51.Rd2 Rxd2+ 52.Kxd2 b3 0-1

[Event "Schwaebische Meisterschaft 2024 A"]
[Site "Augsburg"]
[Date "2024.05.11"]
[Round "6.7"]
[White "Schoenwetter, Martin"]
[Black "Belevtsov, Vladimir"]
[Result "1/2-1/2"]
[WhiteElo "1902"]
[BlackElo "1941"]
[Time "16:00:00"]
[WhiteTeam "SG Augsburg 1873"]
[BlackTeam "SK Kriegshaber"]

1.c4 Nf6 2.g3 g6 3.Bg2 Bg7 4.Nc3 O-O 5.e4 d6 6.Nge2 e5 7.O-O Be6 8.d3 Qd7 
9.f4 Nc6 10.Nd5 Ne8 11.Rb1 a5 12.Nec3 Nd4 13.Be3 Ra6 14.Bc1 c6 15.Ne3 Ra8 
16.Na4 Ra6 17.b3 Nc7 18.Bb2 b5 19.Nc3 Raa8 20.f5 gxf5 21.Nxf5 Bxf5 22.exf5
f6 23.Ne4 d5 24.Nd2 dxc4 25.dxc4 Rad8 26.Ne4 Na6 27.cxb5 cxb5 28.Qg4 Kh8 
29.Rbd1 Qa7 30.Kh1 Rd7 31.Bc1 Nc5 32.Be3 Rfd8 33.Rc1 Nxe4 34.Bxe4 Rc7 35.
Rxc7 Qxc7 36.Rc1 Qe7 37.h4 Qf8 38.Rc7 a4 39.bxa4 bxa4 40.Ra7 a3 41.Bc1 Nb5
42.Rb7 Rb8 43.Rd7 Rd8 44.Qd1 1/2-1/2

[Event "Schwaebische Meisterschaft 2024 A"]
[Site "Augsburg"]
[Date "2024.05.12"]
[Round "7.1"]
[White "Blodig, Vincent"]
[Black "Kottmair, Toni"]
[Result "0-1"]
[WhiteElo "1900"]
[BlackElo "2121"]
[Time "10:00:00"]
[WhiteTeam "SF Augsburg"]
[BlackTeam "SK Koenigsbrunn"]

1.e4 e5 2.Nf3 Nc6 3.Bc4 Bc5 4.O-O Nf6 5.d3 O-O 6.Bg5 h6 7.Bh4 Be7 8.Bg3 d6
9.c3 Na5 10.Bb5 a6 11.Ba4 Nh5 12.Nbd2 Nxg3 13.hxg3 b5 14.Bc2 Nc6 15.Re1 
Bg4 16.Nf1 Bg5 17.N1h2 Bh5 18.g4 Bg6 19.Nxg5 Qxg5 20.g3 h5 21.Kg2 Rad8 22.
Nf3 Qxg4 23.Rh1 d5 24.Rh4 Qd7 25.Qh1 f6 26.Bb3 Ne7 27.d4 exd4 28.Rd1 c5 
29.cxd4 c4 30.Bc2 dxe4 31.Bxe4 Nf5 32.Rf4 Rfe8 33.Bxf5 Bxf5 34.Qxh5 Be4 
35.Rh1 Qd5 36.Rhh4 Qxh5 37.Rxh5 Kf7 38.Re5 Bd5 39.Rxe8 Kxe8 40.g4 Ke7 41.
Kg3 g5 42.Rf5 b4 43.Ne1 Be6 44.Ra5 Rxd4 45.Rxa6 Rd2 46.b3 cxb3 47.axb3 Rb2
48.f3 Rxb3 49.Nc2 Bd5 50.Nd4 Rd3 51.Nc6+ Bxc6 52.Rxc6 Rd6 53.Rc2 b3 54.
Re2+ Re6 55.Rb2 Rb6 56.f4 Kd6 57.fxg5 fxg5 58.Kf3 Kd5 59.Ke3 Kc4 60.Kd2 
Kd4 61.Kc1 Ke3 62.Rg2 Kf3 63.Rg1 Rb4 64.Kb2 Rxg4 65.Rf1+ Ke2 66.Rf5 Rg3 
67.Rf8 g4 68.Rf7 Rf3 69.Rg7 g3 0-1

[Event "Schwaebische Meisterschaft 2024 A"]
[Site "Augsburg"]
[Date "2024.05.12"]
[Round "7.2"]
[White "Filin, Denys"]
[Black "Weichlein, Paul"]
[Result "1/2-1/2"]
[WhiteElo "1946"]
[BlackElo "2039"]
[Time "10:00:00"]
[WhiteTeam "SK Kriegshaber"]
[BlackTeam "SAbt TSV Haunstetten"]

1.e4 c5 2.Nf3 d6 3.d4 cxd4 4.Nxd4 Nf6 5.Nc3 g6 6.Be3 Bg7 7.f3 Nc6 8.Qd2 
O-O 9.O-O-O Be6 10.Nxe6 fxe6 11.h4 Ne5 12.Bh6 Qa5 13.Kb1 Bxh6 14.Qxh6 Rac8
15.Qd2 Nc4 16.Bxc4 Rxc4 17.Nd5 Qxd2 18.Nxf6+ Rxf6 19.Rxd2 Rf4 20.b3 Rc5 
21.c4 Rh5 22.g4 Re5 23.Rd3 h5 24.g5 Rc5 25.Kb2 a6 26.Rh3 Kf7 27.Rc3 a5 28.
Kc2 e5 29.Kd2 Ke6 30.a3 Rc8 31.Rh1 Kd7 32.Rh2 b5 33.cxb5 Rxc3 34.Kxc3 
Rxf3+ 35.Kb2 Re3 36.Rc2 Rxe4 37.b6 Rf4 38.Rc7+ Kd8 39.Ra7 Kc8 40.Rxe7 Rxh4
41.b4 a4 42.Rg7 Rd4 43.Rxg6 Kb7 44.Rg8 h4 45.g6 Rg4 46.g7 h3 47.Rh8 Rxg7 
48.Rxh3 Kxb6 49.Kc3 d5 50.Rh6+ Kb5 51.Rh3 Rg2 52.Rh5 Rg3+ 53.Kd2 Kc4 54.
Rxe5 Rxa3 55.Rh5 Ra2+ 56.Kc1 d4 57.b5 a3 58.b6 Kc3 59.Rb5 d3 60.Rc5+ Kd4 
61.Rb5 d2+ 62.Kd1 Rb2 63.Ra5 a2 64.b7 Kc3 65.Ra3+ Kc4 66.Rxa2 1/2-1/2

[Event "Schwaebische Meisterschaft 2024 A"]
[Site "Augsburg"]
[Date "2024.05.12"]
[Round "7.3"]
[White "Luhn, Robert"]
[Black "Glaser, Christian"]
[Result "0-1"]
[WhiteElo "1988"]
[BlackElo "2025"]
[Time "10:00:00"]
[WhiteTeam "SK Caissa Augsburg"]
[BlackTeam "BC Aichach"]

1.d4 Nf6 2.Nf3 e6 3.c4 d5 4.Nc3 Be7 5.Bg5 Nbd7 6.e3 O-O 7.Bd3 dxc4 8.Bxc4 
c5 9.O-O cxd4 10.exd4 Nb6 11.Bb3 Bd7 12.Qe2 Bc6 13.Ne5 Bd5 14.Bc2 Rc8 15.
Qd3 g6 16.Bh6 Re8 17.Rfe1 Nc4 18.Nxd5 Qxd5 19.Bb3 Nxe5 20.Rxe5 Qd7 21.Rae1
Ng4 22.Rxe6 Nxh6 23.Rxg6+ Kf8 24.Rge6 fxe6 25.Qxh7 Ng8 26.h4 Rc6 27.Re4 
Rc1+ 28.Kh2 Bd6+ 0-1

[Event "Schwaebische Meisterschaft 2024 A"]
[Site "Augsburg"]
[Date "2024.05.12"]
[Round "7.4"]
[White "Poniatowski, Pawel"]
[Black "Herb, Stefan"]
[Result "1-0"]
[WhiteElo "2058"]
[BlackElo "2121"]
[Time "10:00:00"]
[WhiteTeam "SK Klosterlechfeld"]
[BlackTeam "SAbt TSV Haunstetten"]

1.e4 e6 2.d3 d5 3.Nd2 c5 4.Ngf3 Nc6 5.c3 Bd6 6.Qe2 Nge7 7.Nb3 Qc7 8.d4 c4 
9.Nbd2 Bf4 10.g3 Bh6 11.Bg2 b5 12.O-O O-O 13.Re1 a5 14.exd5 exd5 15.Ne5 
Nxe5 16.dxe5 Bxd2 17.Bxd2 Bf5 18.Bf4 Qc5 19.Be3 Qc6 20.f4 Bd3 21.Qf2 Rac8 
22.g4 h5 23.h3 hxg4 24.hxg4 b4 25.f5 bxc3 26.bxc3 Be4 27.Bd4 Rb8 28.Qh4 
Rb2 29.Rxe4 Rxg2+ 30.Kxg2 dxe4 31.Rh1 e3+ 32.Kg3 Qh6 33.Qxh6 gxh6 34.Rxh6 
e2 35.Kf2 Rb8 36.e6 1-0

[Event "Schwaebische Meisterschaft 2024 A"]
[Site "Augsburg"]
[Date "2024.05.12"]
[Round "7.5"]
[White "Hornung, Hans, Dr."]
[Black "Kamenskyi, Dmytro"]
[Result "0-1"]
[WhiteElo "2013"]
[BlackElo "2045"]
[Time "10:00:00"]
[WhiteTeam "SK Klosterlechfeld"]
[BlackTeam "SK Kriegshaber"]

1.c4 e6 2.d4 Nf6 3.Nc3 Bb4 4.e3 O-O 5.Bd2 d6 6.Nf3 Bxc3 7.Bxc3 Ne4 8.Qc2 
Nxc3 9.Qxc3 Nd7 10.O-O-O Qf6 11.Qc2 a6 12.Bd3 h6 13.h4 e5 14.Ng5 Qe7 15.
Rh3 Nf6 16.Rg3 b5 17.Bh7+ Kh8 18.Be4 Rb8 19.Bd5 Bb7 20.dxe5 dxe5 21.f4 
Bxd5 22.cxd5 e4 23.Rd4 Rfe8 24.Kb1 Rbd8 25.Qd1 Rd6 26.Rh3 Red8 27.Rh1 Rxd5
28.Rxd5 Rxd5 29.Qe2 Kg8 30.Nh3 Qd6 31.Rc1 Rd2 32.Qe1 Ng4 33.f5 Qd3+ 34.Ka1
Nxe3 0-1

[Event "Schwaebische Meisterschaft 2024 A"]
[Site "Augsburg"]
[Date "2024.05.12"]
[Round "7.6"]
[White "Vuong, Anh-Tu"]
[Black "Belevtsov, Vladimir"]
[Result "1-0"]
[WhiteElo "1998"]
[BlackElo "1941"]
[Time "10:00:00"]
[WhiteTeam "TSV Landsberg 1882"]
[BlackTeam "SK Kriegshaber"]

1.d4 Nf6 2.c4 c6 3.Nf3 d5 4.g3 dxc4 5.Bg2 Bf5 6.O-O e6 7.Nbd2 Be7 8.Nxc4 
O-O 9.Qb3 Qc8 10.Bf4 Rd8 11.Rac1 Nd5 12.Bd2 Be4 13.Bh3 Nd7 14.Ng5 Bg6 15.
e4 N5b6 16.Nxb6 axb6 17.Nxe6 Re8 18.Nf4 Bxe4 19.Rfe1 Bf6 20.d5 c5 21.Qb5 
Re7 22.Bxd7 Qd8 23.d6 Rxd7 24.Rxe4 1-0

[Event "Schwaebische Meisterschaft 2024 A"]
[Site "Augsburg"]
[Date "2024.05.12"]
[Round "7.7"]
[White "Schoenwetter, Martin"]
[Black "Holuba, Stefan"]
[Result "1-0"]
[WhiteElo "1902"]
[BlackElo "1902"]
[Time "10:00:00"]
[WhiteTeam "SG Augsburg 1873"]
[BlackTeam "SK Caissa Augsburg"]

1.c4 g6 2.g3 Bg7 3.Bg2 e5 4.Nc3 Ne7 5.d3 d6 6.e4 O-O 7.Nge2 f5 8.O-O h6 9.
f4 fxe4 10.Bxe4 Bh3 11.Bg2 Bxg2 12.Kxg2 Nd7 13.d4 exd4 14.Nxd4 Nc5 15.Be3 
Nf5 16.Nxf5 Rxf5 17.Bd4 Ne6 18.Bxg7 Nxg7 19.Qb3 Kh7 20.Rae1 Qd7 21.Qxb7 
Raf8 22.Nd5 Rh5 23.Re2 Qg4 24.Ref2 Rf7 25.Ne3 Qh3+ 26.Kg1 d5 27.cxd5 Ne8 
28.Qb4 Nd6 29.Rg2 Re7 30.Rf3 Ne4 31.Qxe7+ 1-0